Transmission electron microscopy investigation of a porphyrin-containing organic-inorganic hybrid nanomaterial

An organic-inorganic hybrid nanomaterial containing the A3B-type free-base porphyrin 5-(4- carboxyphenyl)-5,10,15-tris(4-phenoxyphenyl)-porphyrin, the polysaccharide k-carrageenan and Fe3O4 magnetic nanoparticles was successfully synthesized and analyzed using Transmission Electron Microscopy (TEM)....

Teljes leírás

Elmentve itt :
Bibliográfiai részletek
Szerző: Taranu Bogdan-Ovidiu
Testületi szerző: 30th International Symposium on Analytical and Environmental Problems
Dokumentumtípus: Könyv része
Megjelent: University of Szeged Szeged 2024
Sorozat:Proceedings of the International Symposium on Analytical and Environmental Problems 30
Kulcsszavak:Nanotechnológia, Elektrokémia
Tárgyszavak:
Online Access:http://acta.bibl.u-szeged.hu/85713
LEADER 01830naa a2200229 i 4500
001 acta85713
005 20241122134500.0
008 241122s2024 hu o 100 eng d
020 |a 978-963-688-009-5 
040 |a SZTE Egyetemi Kiadványok Repozitórium  |b hun 
041 |a eng 
100 1 |a Taranu Bogdan-Ovidiu 
245 1 0 |a Transmission electron microscopy investigation of a porphyrin-containing organic-inorganic hybrid nanomaterial  |h [elektronikus dokumentum] /  |c  Taranu Bogdan-Ovidiu 
260 |a University of Szeged  |b Szeged  |c 2024 
300 |a 209-213 
490 0 |a Proceedings of the International Symposium on Analytical and Environmental Problems  |v 30 
520 3 |a An organic-inorganic hybrid nanomaterial containing the A3B-type free-base porphyrin 5-(4- carboxyphenyl)-5,10,15-tris(4-phenoxyphenyl)-porphyrin, the polysaccharide k-carrageenan and Fe3O4 magnetic nanoparticles was successfully synthesized and analyzed using Transmission Electron Microscopy (TEM). Different operating modes – TEM Bright Field, High-Resolution TEM and Scanning Transmission Electron Microscopy – were employed during the investigation. The recorded images provide morphological and structural data concerning the detailed understanding of the hybrid in ways that are specific to the aforementioned characterization technique. The results of the study complement the scientific knowledge relevant to domains of current interest for researchers, such as porphyrin chemistry and the nanomaterials field. 
650 4 |a Természettudományok 
650 4 |a Kémiai tudományok 
695 |a Nanotechnológia, Elektrokémia 
711 |a 30th International Symposium on Analytical and Environmental Problems  |c Szeged  |d 2024. október 7-8. 
856 4 0 |u http://acta.bibl.u-szeged.hu/85713/1/proceedings_of_isaep_2024_209-213.pdf  |z Dokumentum-elérés